Lataa...

Hard times/

Bibliografiset tiedot
Päätekijä: Charles Dickens
Aineistotyyppi: Printed Book
Julkaistu: Hertfordshire: Wordsworth, 1995.
Aiheet:
LEADER 00520nam a22001691a 4500
999 |c 145596  |d 145596 
020 |a 9781853262326 
082 |a 823  |b CHA/H 
100 |a Charles Dickens 
245 |a Hard times/  |c by Charles Dickens 
260 |a Hertfordshire:  |b Wordsworth,   |c 1995. 
300 |a 243p. 
650 |a Novel English 
650 |a Literature English 
650 |a Literature 
942 |c BK 
952 |0 0  |1 0  |4 0  |6 823_000000000000000_CHA_H  |7 0  |9 104253  |a SSUS  |b SSUS  |c STACKS  |d 2020-11-19  |o 823 CHA/H  |p 101100  |r 2020-11-19  |w 2020-11-19  |y BK